| 000 -LEADER |
| fixed length control field |
01268pam a22003971i 4500 |
| 001 - CONTROL NUMBER |
| control field |
019349303 |
| 003 - CONTROL NUMBER IDENTIFIER |
| control field |
Uk |
| 005 - DATE AND TIME OF LATEST TRANSACTION |
| control field |
20241031142959.0 |
| 006 - FIXED-LENGTH DATA ELEMENTS--ADDITIONAL MATERIAL CHARACTERISTICS |
| fixed length control field |
m || d | |
| 007 - PHYSICAL DESCRIPTION FIXED FIELD--GENERAL INFORMATION |
| fixed length control field |
cr ||||||||||| |
| 008 - FIXED-LENGTH DATA ELEMENTS--GENERAL INFORMATION |
| fixed length control field |
190205s2019 enk ob 001|0|eng|d |
| 015 ## - NATIONAL BIBLIOGRAPHY NUMBER |
| National bibliography number |
GBB964491 |
| Source |
bnb |
| 020 ## - INTERNATIONAL STANDARD BOOK NUMBER |
| International Standard Book Number |
9781510457867 |
| 037 ## - SOURCE OF ACQUISITION |
| Stock number |
HachetteUK686961 |
| Source of stock number/acquisition |
Ingram Content Group |
| 040 ## - CATALOGING SOURCE |
| Original cataloging agency |
StDuBDS |
| Language of cataloging |
eng |
| Transcribing agency |
StDuBDS |
| Modifying agency |
Uk |
| -- |
KH8 |
| Description conventions |
rda |
| -- |
pn |
| 042 ## - AUTHENTICATION CODE |
| Authentication code |
ukblsr |
| 082 04 - DEWEY DECIMAL CLASSIFICATION NUMBER |
| Classification number |
945.084 ROB |
| 100 1# - MAIN ENTRY--PERSONAL NAME |
| Personal name |
Robson, Mark, |
| Dates associated with a name |
1959- |
| Relator term |
author. |
| 245 10 - TITLE STATEMENT |
| Title |
Italy : |
| Remainder of title |
the rise of fascism, 1896-1964 / |
| Statement of responsibility, etc. |
Mark Robson. |
| 250 ## - EDITION STATEMENT |
| Edition statement |
Fifth edition. |
| 264 #1 - PRODUCTION, PUBLICATION, DISTRIBUTION, MANUFACTURE, AND COPYRIGHT NOTICE |
| Place of production, publication, distribution, manufacture |
London : |
| Name of producer, publisher, distributor, manufacturer |
Hodder Education, |
| Date of production, publication, distribution, manufacture, or copyright notice |
2019. |
| 300 ## - PHYSICAL DESCRIPTION |
| Extent |
208 pages ; |
| Other physical details |
illustrations ; |
| Dimensions |
7.52 x 0.31 x 9.61 inches. |
| 336 ## - CONTENT TYPE |
| Content type term |
text |
| Source |
rdacontent |
| 337 ## - MEDIA TYPE |
| Media type term |
computer |
| Source |
rdamedia |
| 338 ## - CARRIER TYPE |
| Carrier type term |
online resource |
| Source |
rdacarrier |
| 490 0# - SERIES STATEMENT |
| Series statement |
Access to history |
| 500 ## - GENERAL NOTE |
| General note |
Previous edition: 2015 |
| 504 ## - BIBLIOGRAPHY, ETC. NOTE |
| Bibliography, etc. note |
Includes bibliographical references and index. |
| 521 2# - TARGET AUDIENCE NOTE |
| Target audience note |
A-level. |
| 588 ## - SOURCE OF DESCRIPTION NOTE |
| Source of description note |
Description based on CIP data; resource not viewed. |
| 650 #0 - SUBJECT ADDED ENTRY--TOPICAL TERM |
| Topical term or geographic name entry element |
Fascism |
| Geographic subdivision |
Italy |
| General subdivision |
History. |
| 651 #0 - SUBJECT ADDED ENTRY--GEOGRAPHIC NAME |
| Geographic name |
Italy |
| General subdivision |
Politics and government |
| Chronological subdivision |
1914-1945. |
| 776 08 - ADDITIONAL PHYSICAL FORM ENTRY |
| Relationship information |
Print version : |
| International Standard Book Number |
9781510457867 |
| 903 ## - LOCAL DATA ELEMENT C, LDC (RLIN) |
| a |
ELD.DS.455557 |
| 942 ## - ADDED ENTRY ELEMENTS (KOHA) |
| Source of classification or shelving scheme |
|
| Koha item type |
Teaching Resources |